| 000 | 00407nam a2200169Ia 4500 | ||
|---|---|---|---|
| 999 |
_c10379 _d10379 |
||
| 003 | OSt | ||
| 005 | 20220315144952.0 | ||
| 008 | 220308s9999 xx 000 0 und d | ||
| 020 | _a9789085940494 | ||
| 082 |
_a720.483 _bHAN |
||
| 100 | _a Han Meyer | ||
| 245 | 0 | _aHigh-rise and the sustainable city | |
| 260 | _b Techne Press (30 November 2019) | ||
| 365 | _cUSD | ||
| 365 | _d60 | ||
| 942 | _2ddc | ||